Obras : (Record no. 161090)
[ view plain ]
| 000 -LEADER | |
|---|---|
| fixed length control field | 01260nam a22002657a 4500 |
| 005 - DATE AND TIME OF LATEST TRANSACTION | |
| control field | 20220316091936.0 |
| 008 - FIXED-LENGTH DATA ELEMENTS--GENERAL INFORMATION | |
| fixed length control field | 220316b mx ||||| |||| 00| 0 spa d |
| 020 ## - INTERNATIONAL STANDARD BOOK NUMBER | |
| International Standard Book Number | 9682324777 |
| 050 ## - LIBRARY OF CONGRESS CALL NUMBER | |
| Classification number | HX656.T62 |
| Item number | O84 2003 |
| 100 1# - MAIN ENTRY--PERSONAL NAME | |
| Personal name | Owen, Albert Kimsey, |
| Relator term | autor. |
| 240 1# - UNIFORM TITLE | |
| Uniform title | Credit Foncier of Sinaloa. a social study, 1885; the austin-topolovampo pacific railroad route, 1885. |
| Language of a work | Español |
| 245 ## - TITLE STATEMENT | |
| Title | Obras : |
| Remainder of title | El Crédit Foncier de Sinaloa : un estudio social . La ruta Austin-Topolobampo del Ferrocarril del Pacífico : La obra del canal de Texcoco y Huehuetoca / |
| Statement of responsibility, etc | Albert K. Owen ; presentacion Sergio Ortega Noriega ; traduccion de Alejandro Rodriguez Maciel |
| 250 ## - EDITION STATEMENT | |
| Edition statement | Primera edición |
| 260 ## - PUBLICATION, DISTRIBUTION, ETC. (IMPRINT) | |
| Place of publication, distribution, etc | México : |
| Name of publisher, distributor, etc | Siglo veintiuno : |
| -- | Difocur : |
| -- | El Colegio de Sinaloa : |
| -- | Universidad de Occidente, |
| Date of publication, distribution, etc | 2003 |
| 300 ## - PHYSICAL DESCRIPTION | |
| Extent | 351 páginas ; |
| Dimensions | 21 cmn |
| 490 ## - SERIES STATEMENT | |
| Series statement | Los once ríos |
| 600 1# - SUBJECT ADDED ENTRY--PERSONAL NAME | |
| Personal name | Owen, Albert Kimsey |
| 650 #7 - SUBJECT ADDED ENTRY--TOPICAL TERM | |
| Source of heading or term | lemb |
| Topical term or geographic name as entry element | Credit Foncier Company |
| 650 #7 - SUBJECT ADDED ENTRY--TOPICAL TERM | |
| Source of heading or term | lemb |
| Topical term or geographic name as entry element | Cooperativismo |
| Geographic subdivision | Sinaloa |
| 650 #7 - SUBJECT ADDED ENTRY--TOPICAL TERM | |
| Source of heading or term | lemb |
| Topical term or geographic name as entry element | Economía |
| Geographic subdivision | Sinaloa |
| 651 #7 - SUBJECT ADDED ENTRY--GEOGRAPHIC NAME | |
| Source of heading or term | lemb |
| Geographic name | Topolobampo (Sinaloa) |
| General subdivision | Condiciones económicas |
| 700 1# - ADDED ENTRY--PERSONAL NAME | |
| Personal name | Ortega Noriega, Sergio, |
| Dates associated with a name | 1933-2015, |
| Relator term | prologuista |
| 700 1# - ADDED ENTRY--PERSONAL NAME | |
| Personal name | Rodriguez Maciel, Alejandro, |
| Relator term | traductor |
| 942 ## - ADDED ENTRY ELEMENTS (KOHA) | |
| Source of classification or shelving scheme | Biblioteca del Cogreso de los Estados Unidos |
| Koha item type | Libro |
| Estado de pérdida | Fuente de clasificación | Estado del daño | No para préstamo | Ubicación permanente | Ubicación actual | Apartado o colección | Fecha de adquisición | Fuente de adquisición | Edición | Dependencia de educación superior (DES) | Área del conocimiento | Total Checkouts | Clasificación | Código de Barras | Date last seen | Número de copia | Costo por reposición | Tipo de recurso |
|---|---|---|---|---|---|---|---|---|---|---|---|---|---|---|---|---|---|---|
| Biblioteca del Cogreso de los Estados Unidos | Biblioteca del Instituto de Investigaciones Históricas | Biblioteca del Instituto de Investigaciones Históricas | General | 16/03/2022 | Donación | 1a ed. | Humanidades | Ciencias Sociales y Administrativas | HX656.T62 O94 2003 | IIH000032369 | 16/03/2022 | C:1 | 1.00 | Libro |